| 000 | 00745nam a2200205Ia 4500 | ||
|---|---|---|---|
| 999 |
_c39362 _d39362 |
||
| 001 | 5951 | ||
| 003 | GE_BSU | ||
| 005 | 20190829133558.0 | ||
| 008 | 181216s1974||||ge |||||||||||||| ||geo|| | ||
| 040 | _cGE_BSU | ||
| 041 | _ageo | ||
| 080 | _a821.353.1-32 ა-13 | ||
| 100 |
_aაბაშიძე, ნინო _93439 |
||
| 245 |
_aმოთხრობები / _cნინო აბაშიძე ; რედ. ნ. კანდელაკი. |
||
| 264 |
_aთბილისი : _bსაბჭოთა საქართველო ; _c1974. |
||
| 300 |
_a486 გვ. ; _c20 სმ. |
||
| 653 | _aმოთხრობები | ||
| 700 |
_aკანდელაკი, ნ. _eრედაქტორი _93824 |
||
| 942 |
_cBK _2udc |
||